[Event "1. Bundesliga 2018/2019"]
[Site "St. Veit an der Glan"]
[Date "2018.11.17"]
[Round "3"]
[Board "5"]
[White "Hausner, Ivan"]
[Black "Anistratov, Dmitrij"]
[Result "0-1"]
[WhiteElo "2349"]
[BlackElo "2298"]
[PlyCount "104"]
[EventDate "2018.11.15"]
[EventType "team"]
[EventRounds "11"]
[EventCountry "AUT"]
[WhiteTeam "SK Mayrhofen/Zell/Zillertal"]
[BlackTeam "Schachclub Sparkasse Goetzis"]

1.c4 Nf6 2.Nc3 c6 3.e4 e5 4.Nf3 d6 5.d4 Nbd7 6.g3 Be7 7.Bg2 O-O 8.O-O Re8 9.Re1 a6
10.b3 Bf8 11.h3 b5 12.Qc2 Bb7 13.dxe5 dxe5 14.Be3 Qc7 15.Rac1 Rad8 16.Nh4 Bb4 17.Red1
Ba3 18.Rb1 Bc5 19.Qe2 Bb4 20.Rbc1 Qa5 21.Nb1 Bf8 22.c5 g6 23.a3 Qc7 24.b4 Be7 25.Nc3
Nh5 26.Nf3 Nf8 27.Nd2 a5 28.Nf3 a4 29.Rxd8 Rxd8 30.Rd1 Ne6 31.Rxd8+ Bxd8 32.Qd2 Be7
33.Nd5 cxd5 34.exd5 Nd4 35.Bxd4 exd4 36.d6 Bxd6 37.cxd6 Qxd6 38.Qxd4 Qc6 39.Ne1 Qc8
40.Bxb7 Qxb7 41.Nd3 Qf3 42.Ne5 Qxa3 43.Kh2 Nf6 44.g4 Qc1 45.h4 Qc7 46.Kg1 Ne8 47.Qe3
Qe7 48.Nd3 Qxe3 49.fxe3 f5 50.gxf5 gxf5 51.Kf2 Kf7 52.Kf3 Nd6 0-1

[Event "1. Bundesliga 2018/2019"]
[Site "St. Veit an der Glan"]
[Date "2018.11.17"]
[Round "3"]
[Board "6"]
[White "Mueller, Philipp"]
[Black "Tabernig, Bernhard"]
[Result "0-1"]
[WhiteElo "2175"]
[BlackElo "2296"]
[PlyCount "80"]
[EventDate "2018.11.15"]
[EventType "team"]
[EventRounds "11"]
[EventCountry "AUT"]
[WhiteTeam "Schachclub Sparkasse Goetzis"]
[BlackTeam "SK Mayrhofen/Zell/Zillertal"]

1.c4 Nf6 2.g3 c6 3.Bg2 d5 4.Nf3 dxc4 5.O-O Nbd7 6.Na3 Nb6 7.Ne5 Qd4 8.Nexc4 Nxc4 9.Qa4
Nd5 10.e3 Ndb6 11.exd4 Nxa4 12.Nxc4 Be6 13.b3 Nb6 14.Nxb6 axb6 15.d5 Bxd5 16.Bxd5
cxd5 17.Bb2 f6 18.Rfc1 Kd7 19.Bd4 Ra6 20.f4 e6 21.a4 Bb4 22.Rc2 Rc8 23.Rxc8 Kxc8 24.Rc1+
Kd7 25.d3 Bd6 26.Kf2 e5 27.Be3 b5 28.axb5 Ra2+ 29.Kf3 Rb2 30.fxe5 fxe5 31.d4 e4+ 32.Kg4
Rxb3 33.Bf4 Rxb5 34.Bxd6 Kxd6 35.Rc8 Rb4 36.Rg8 g6 37.Rg7 Rxd4 38.Rxb7 e3+ 39.Kf3
Re4 40.Ke2 Re7 0-1

[Event "1. Bundesliga 2018/2019"]
[Site "St. Veit an der Glan"]
[Date "2018.11.18"]
[Round "4"]
[Board "1"]
[White "Bindrich, Falko"]
[Black "Georgiadis, Nico"]
[Result "1-0"]
[WhiteElo "2609"]
[BlackElo "2526"]
[PlyCount "77"]
[EventDate "2018.11.15"]
[EventType "team"]
[EventRounds "11"]
[EventCountry "AUT"]
[WhiteTeam "SK Hohenems"]
[BlackTeam "Schachclub Sparkasse Goetzis"]

1.d4 Nf6 2.Nf3 d5 3.c4 e6 4.Nc3 dxc4 5.e4 Bb4 6.Bg5 h6 7.Bxf6 Qxf6 8.Bxc4 c5 9.O-O
cxd4 10.e5 Qd8 11.Ne4 O-O 12.Qe2 Be7 13.Rad1 Qc7 14.Ng3 Rd8 15.Nxd4 a6 16.Bb3 Bd7
17.Nh5 Nc6 18.Qg4 Bf8 19.Nf6+ Kh8 20.Nxd7 Rxd7 21.Nxe6 Qc8 22.Nxf8 Rxd1 23.Qxd1 Qxf8
24.Qd7 Nxe5 25.Qxb7 a5 26.Qd5 a4 27.Bc2 Ng4 28.Qd4 h5 29.h3 Nf6 30.Bxa4 Rd8 31.Qf4
Qe7 32.Bb3 Kg8 33.Qe3 Qb4 34.Rc1 Re8 35.Qc3 Qf4 36.Re1 Rxe1+ 37.Qxe1 h4 38.a4 Qb8
39.Qc3 1-0

[Event "1. Bundesliga 2018/2019"]
[Site "St. Veit an der Glan"]
[Date "2018.11.18"]
[Round "4"]
[Board "2"]
[White "Krassowizkij, Jaroslaw"]
[Black "Martinovic, Sasa"]
[Result "1/2-1/2"]
[WhiteElo "2460"]
[BlackElo "2555"]
[PlyCount "87"]
[EventDate "2018.11.15"]
[EventType "team"]
[EventRounds "11"]
[EventCountry "AUT"]
[WhiteTeam "Schachclub Sparkasse Goetzis"]
[BlackTeam "SK Hohenems"]

1.c4 e6 2.d4 Nf6 3.Nc3 d5 4.cxd5 exd5 5.Bg5 Be7 6.e3 h6 7.Bh4 O-O 8.Bd3 Re8 9.Nge2
b6 10.O-O Bb7 11.Bxf6 Bxf6 12.Nf4 c6 13.Qg4 Nd7 14.Nh5 Nf8 15.Ne2 g6 16.Nxf6+ Qxf6
17.Rac1 Ne6 18.f4 Ng7 19.f5 g5 20.e4 dxe4 21.Bxe4 Re7 22.Qf3 Rae8 23.Bxc6 Re3 24.Qd5
Rd8 25.Qb5 Rxe2 26.Bxb7 Qxd4+ 27.Kh1 Rxb2 28.Qc6 Rf2 29.Rxf2 Qxf2 30.Qxh6 Qxf5 31.h4
g4 32.Ba6 g3 33.Bc4 Qg4 34.Bb3 Rd4 35.Kg1 Rd8 36.Rf1 Qd4+ 37.Kh1 Rd7 38.Qg5 Qd3 39.Qf6
Kh8 40.Bxf7 Rd6 41.Qf4 Rd4 42.Qb8+ Rd8 43.Qf4 Rd4 44.Qb8+ 1/2-1/2

[Event "1. Bundesliga 2018/2019"]
[Site "St. Veit an der Glan"]
[Date "2018.11.18"]
[Round "4"]
[Board "3"]
[White "Rozentalis, Eduardas"]
[Black "Kvetny, Mark"]
[Result "1-0"]
[WhiteElo "2568"]
[BlackElo "2409"]
[PlyCount "61"]
[EventDate "2018.11.15"]
[EventType "team"]
[EventRounds "11"]
[EventCountry "AUT"]
[WhiteTeam "SK Hohenems"]
[BlackTeam "Schachclub Sparkasse Goetzis"]

1.e4 c5 2.Nf3 d6 3.Bb5+ Nd7 4.Ba4 Ngf6 5.O-O a6 6.c4 g6 7.Nc3 Bg7 8.d3 O-O 9.h3 Ne8
10.Be3 Nc7 11.d4 cxd4 12.Bxd4 Bxd4 13.Nxd4 Nc5 14.Bc2 N5e6 15.f4 Nxd4 16.Qxd4 b5 17.f5
bxc4 18.Qxc4 Nb5 19.Ne2 Qc7 20.Qd3 Qc5+ 21.Kh1 a5 22.Bb3 Qe5 23.Bc4 Nc7 24.Nd4 Bb7
25.Rae1 Rab8 26.Qd2 Bxe4 27.fxg6 hxg6 28.Nf3 Rxb2 29.Qc1 Qg7 30.Rxe4 d5 31.Rxe7 1-0

[Event "1. Bundesliga 2018/2019"]
[Site "St. Veit an der Glan"]
[Date "2018.11.18"]
[Round "4"]
[Board "4"]
[White "Kessler, Luca"]
[Black "Schneider, Ilja"]
[Result "0-1"]
[WhiteElo "2432"]
[BlackElo "2504"]
[PlyCount "140"]
[EventDate "2018.11.15"]
[EventType "team"]
[EventRounds "11"]
[EventCountry "AUT"]
[WhiteTeam "Schachclub Sparkasse Goetzis"]
[BlackTeam "SK Hohenems"]

1.d4 d5 2.c4 c6 3.Nf3 Nf6 4.Qc2 dxc4 5.Qxc4 Bg4 6.Nbd2 Nbd7 7.g3 e6 8.Bg2 Be7 9.Qb3
Qb6 10.Nc4 Qa6 11.Bf4 O-O 12.O-O Nb6 13.Rfc1 Nxc4 14.Qxc4 Qxc4 15.Rxc4 Rfd8 16.Rac1
Nd5 17.h3 Bh5 18.Bd2 Nb6 19.Ba5 Bxf3 20.Bxf3 Bg5 21.R1c2 Bf6 22.Bxb6 axb6 23.a4 Bxd4
24.e3 Be5 25.Rb4 Bc7 26.Be2 Kf8 27.b3 Ke7 28.Rbc4 Ra5 29.R4c3 Be5 30.Rd3 Rdd5 31.Rdd2
Rxd2 32.Rxd2 Rc5 33.Bc4 Bc3 34.Rc2 Bb4 35.Kf1 h5 36.Ke2 g5 37.Bd3 Ra5 38.g4 hxg4 39.hxg4
Ra8 40.Rc1 Rh8 41.Be4 Rh4 42.Bf3 Bd6 43.Rh1 Bh2 44.Rc1 Kd6 45.Rd1+ Kc7 46.Rc1 f6 47.Kf1
Be5 48.Ke2 f5 49.Rc4 Rh2 50.Kf1 Kd6 51.Rb4 b5 52.axb5 Kc5 53.Ra4 Kxb5 54.Be2+ Kc5
55.Rc4+ Kd6 56.gxf5 exf5 57.f4 gxf4 58.exf4 Bf6 59.Bd3 Rb2 60.Bxf5 Rxb3 61.Ke2 Kd5
62.Ra4 Bd4 63.Ra8 Re3+ 64.Kd2 Rf3 65.Rd8+ Kc5 66.Bc8 b5 67.f5 b4 68.Be6 b3 69.Rb8
b2 70.Ba2 Rf1 0-1

[Event "1. Bundesliga 2018/2019"]
[Site "St. Veit an der Glan"]
[Date "2018.11.18"]
[Round "4"]
[Board "5"]
[White "Henrichs, Thomas"]
[Black "Anistratov, Dmitrij"]
[Result "1-0"]
[WhiteElo "2443"]
[BlackElo "2298"]
[PlyCount "77"]
[EventDate "2018.11.15"]
[EventType "team"]
[EventRounds "11"]
[EventCountry "AUT"]
[WhiteTeam "SK Hohenems"]
[BlackTeam "Schachclub Sparkasse Goetzis"]

1.d4 d6 2.e4 Nf6 3.Nc3 Nbd7 4.g4 h6 5.h3 e5 6.Nge2 c6 7.a4 Be7 8.Bg2 Nh7 9.O-O Ndf8
10.f4 Ng6 11.Qd3 exf4 12.Nxf4 Nxf4 13.Bxf4 Nf8 14.Bg3 Ng6 15.a5 O-O 16.Nd1 Nh4 17.Bh1
d5 18.exd5 cxd5 19.Ne3 Be6 20.Nf5 Bg5 21.Be5 Bxf5 22.gxf5 Qd7 23.a6 bxa6 24.Ra5 Rac8
25.Bxd5 Kh8 26.f6 g6 27.c4 Rb8 28.Rxa6 Rxb2 29.Qa3 Qc8 30.Rc6 Qe8 31.Qxb2 Be3+ 32.Kh2
Qd8 33.Qa3 Nf5 34.Rxf5 Bxd4 35.Bxd4 gxf5 36.Qe3 Kh7 37.Qe5 Rg8 38.Rc7 Rg5 39.Rxf7+ 1-0

[Event "1. Bundesliga 2018/2019"]
[Site "St. Veit an der Glan"]
[Date "2018.11.18"]
[Round "4"]
[Board "6"]
[White "Kranz, Armin"]
[Black "Baenziger, Fabian"]
[Result "0-1"]
[WhiteElo "2049"]
[BlackElo "2349"]
[PlyCount "82"]
[EventDate "2018.11.15"]
[EventType "team"]
[EventRounds "11"]
[EventCountry "AUT"]
[WhiteTeam "Schachclub Sparkasse Goetzis"]
[BlackTeam "SK Hohenems"]

1.d4 Nf6 2.c4 g6 3.Nc3 Bg7 4.Nf3 d6 5.Bg5 h6 6.Bh4 g5 7.Bg3 c5 8.d5 Nh5 9.e3 Nd7 10.Be2
Ndf6 11.Qc2 a6 12.a4 Qa5 13.O-O Nxg3 14.hxg3 Ng4 15.Bd3 O-O 16.Bh7+ Kh8 17.Bf5 Qc7
18.Qe4 Bxf5 19.Qxf5 Qc8 20.Qc2 f5 21.Ra3 Qe8 22.Nh2 Ne5 23.Qe2 f4 24.exf4 gxf4 25.Ne4
Qg6 26.Re1 Rab8 27.Rb3 Rf7 28.g4 Rbf8 29.f3 Bf6 30.Rxb7 Bh4 31.Rd1 h5 32.Rb3 Bg3 33.g5
Bh4 34.Nf1 Bxg5 35.Nxg5 Qxg5 36.Rd2 Rg8 37.Rc3 Rfg7 38.Nh2 Qh4 39.Nf1 Qh3 40.b3 Rxg2+
41.Qxg2 Nxf3+ 0-1

[Event "1. Bundesliga 2018/2019"]
[Site "St. Veit an der Glan"]
[Date "2018.11.18"]
[Round "4"]
[Board "1"]
[White "Bosiocic, Marin"]
[Black "Michalik, Peter"]
[Result "1-0"]
[WhiteElo "2613"]
[BlackElo "2577"]
[PlyCount "79"]
[EventDate "2018.11.15"]
[EventType "team"]
[EventRounds "11"]
[EventCountry "AUT"]
[WhiteTeam "SV Pillenkoenig St. Veit"]
[BlackTeam "SK Mayrhofen/Zell/Zillertal"]

1.e4 c5 2.Nf3 Nc6 3.Bb5 g6 4.Bxc6 dxc6 5.d3 Bg7 6.h3 Nf6 7.Nc3 Nd7 8.Be3 e5 9.a4 a5
10.Nb1 b6 11.Na3 Ba6 12.Nc4 Bxc4 13.dxc4 Nf8 14.Qxd8+ Kxd8 15.O-O-O+ Ke7 16.Rd3 Ne6
17.h4 h5 18.Rhd1 Rhd8 19.Ng5 Rxd3 20.Rxd3 Nf8 21.f4 Bf6 22.f5 Rc8 23.Rb3 Nd7 24.Kd1
Rg8 25.Ke2 Bxg5 26.hxg5 Kd6 27.Bd2 Ke7 28.Rh3 Ke8 29.Kf3 Rh8 30.Rh4 Ke7 31.Be3 Nf8
32.Kf2 Rh7 33.Bd2 f6 34.Rh3 fxg5 35.Bxg5+ Ke8 36.Rd3 Rd7 37.Rxd7 Kxd7 38.Bh6 Nh7 39.fxg6
Nf6 40.Kf3 1-0

[Event "1. Bundesliga 2018/2019"]
[Site "St. Veit an der Glan"]
[Date "2018.11.18"]
[Round "4"]
[Board "2"]
[White "Votava, Jan"]
[Black "Brkic, Ante"]
[Result "1/2-1/2"]
[WhiteElo "2518"]
[BlackElo "2560"]
[PlyCount "60"]
[EventDate "2018.11.15"]
[EventType "team"]
[EventRounds "11"]
[EventCountry "AUT"]
[WhiteTeam "SK Mayrhofen/Zell/Zillertal"]
[BlackTeam "SV Pillenkoenig St. Veit"]

1.d4 Nf6 2.c4 e6 3.Nc3 Bb4 4.e3 O-O 5.Nf3 d5 6.Bd2 b6 7.a3 Be7 8.cxd5 exd5 9.Ne5 Bb7
10.Bd3 c5 11.O-O Nc6 12.Qf3 Nxe5 13.dxe5 Nd7 14.Qh3 g6 15.f4 c4 16.Bc2 f5 17.g4 fxg4
18.Qxg4 Kh8 19.Qh3 Rg8 20.Nb5 Nc5 21.Bc3 Bc8 22.e6+ Bf6 23.Qh4 Bxc3 24.e7 Qd7 25.Nxc3
Bb7 26.Qf6+ Rg7 27.Qf8+ Rg8 28.Qf6+ Rg7 29.Qf8+ Rg8 30.Qf6+ Rg7 1/2-1/2

[Event "1. Bundesliga 2018/2019"]
[Site "St. Veit an der Glan"]
[Date "2018.11.18"]
[Round "4"]
[Board "3"]
[White "Antoniewski, Rafal"]
[Black "Lanka, Zigurds"]
[Result "1/2-1/2"]
[WhiteElo "2500"]
[BlackElo "2403"]
[PlyCount "60"]
[EventDate "2018.11.15"]
[EventType "team"]
[EventRounds "11"]
[EventCountry "AUT"]
[WhiteTeam "SV Pillenkoenig St. Veit"]
[BlackTeam "SK Mayrhofen/Zell/Zillertal"]

1.Nf3 c5 2.e3 g6 3.d4 Nf6 4.dxc5 Qa5+ 5.Bd2 Qxc5 6.c4 b6 7.Nc3 Bb7 8.Rc1 Bg7 9.Be2
Ne4 10.O-O Nxd2 11.Qxd2 Qc8 12.Nd5 Qd8 13.Rfd1 Nc6 14.b4 O-O 15.b5 Ne5 16.Nd4 f5 17.Nb4
Nf7 18.Bf3 Bxf3 19.Nxf3 Nd6 20.Qd5+ Kh8 21.Ne5 Rc8 22.Na6 Qe8 23.f3 Bxe5 24.Qxe5+
Kg8 25.c5 bxc5 26.Rxc5 Qf7 27.Qd5 Rxc5 28.Nxc5 Qxd5 29.Rxd5 Rc8 30.a4 Kf7 1/2-1/2

[Event "1. Bundesliga 2018/2019"]
[Site "St. Veit an der Glan"]
[Date "2018.11.18"]
[Round "4"]
[Board "4"]
[White "Maiwald, Jens-Uwe"]
[Black "Rogic, Davor"]
[Result "0-1"]
[WhiteElo "2432"]
[BlackElo "2499"]
[PlyCount "80"]
[EventDate "2018.11.15"]
[EventType "team"]
[EventRounds "11"]
[EventCountry "AUT"]
[WhiteTeam "SK Mayrhofen/Zell/Zillertal"]
[BlackTeam "SV Pillenkoenig St. Veit"]

1.Nf3 d5 2.g3 g6 3.Bg2 Bg7 4.d4 Nd7 5.O-O Ngf6 6.Nbd2 O-O 7.c4 e6 8.Qc2 b6 9.b3 Bb7
10.Ba3 Re8 11.Rac1 c5 12.e3 Rc8 13.dxc5 bxc5 14.Rfd1 Qb6 15.Bb2 Qc7 16.Qb1 Bh6 17.b4
Ng4 18.bxc5 Nxc5 19.Bd4 Qe7 20.cxd5 Bxd5 21.h3 Nf6 22.Qb4 Bf8 23.Ne5 Bxg2 24.Kxg2
Nd5 25.Qb5 a6 26.Qe2 f6 27.Bxc5 Rxc5 28.Rxc5 Qxc5 29.Ne4 Qe7 30.Ng4 Bg7 31.Qxa6 Rd8
32.Rb1 f5 33.Rb7 Qe8 34.Nd6 Qf8 35.Nf7 Re8 36.Nge5 Qc5 37.Qa4 Rc8 38.Qd7 Nxe3+ 39.fxe3
Qc2+ 40.Kf1 Qc1+ 0-1

[Event "1. Bundesliga 2018/2019"]
[Site "St. Veit an der Glan"]
[Date "2018.11.18"]
[Round "4"]
[Board "5"]
[White "Riemelmoser, Franz"]
[Black "Hausner, Ivan"]
[Result "1-0"]
[WhiteElo "2277"]
[BlackElo "2349"]
[PlyCount "113"]
[EventDate "2018.11.15"]
[EventType "team"]
[EventRounds "11"]
[EventCountry "AUT"]
[WhiteTeam "SV Pillenkoenig St. Veit"]
[BlackTeam "SK Mayrhofen/Zell/Zillertal"]

1.c4 g6 2.g3 Bg7 3.Bg2 e5 4.Nc3 Ne7 5.e4 d6 6.d3 c6 7.Be3 Be6 8.Qd2 h6 9.Nge2 Na6
10.b3 Qd7 11.d4 Bh3 12.O-O h5 13.dxe5 dxe5 14.Qxd7+ Bxd7 15.h4 Bh6 16.f4 Ng8 17.Nd1
Nf6 18.Nf2 Ng4 19.Nxg4 Bxg4 20.Bf3 exf4 21.gxf4 Bg7 22.Rad1 Bf6 23.Bd4 Bxd4+ 24.Rxd4
Nc5 25.Kf2 Ke7 26.Rfd1 Bxf3 27.Kxf3 a5 28.f5 Rag8 29.a3 gxf5 30.exf5 Rg4 31.Nf4 Nxb3
32.f6+ Kxf6 33.Nxh5+ Rxh5 34.Kxg4 Rh7 35.Rf4+ Ke7 36.Re4+ Kf8 37.Re5 a4 38.Rd8+ Kg7
39.Rd7 Kf6 40.Rg5 Ke6 41.Rd1 f5+ 42.Kh3 Nc5 43.Rf1 Rf7 44.Rg6+ Ke5 45.h5 Ne4 46.h6
Rd7 47.Rg7 Rd3+ 48.Kh4 Rd2 49.Rh1 Rd6 50.Kh5 Nf6+ 51.Kg6 Ng4+ 52.Kg5 Nxh6 53.Rxh6
Rd3 54.Re7+ Kd4 55.Rd6+ Kxc4 56.Rxd3 Kxd3 57.Rxb7 1-0

[Event "1. Bundesliga 2018/2019"]
[Site "St. Veit an der Glan"]
[Date "2018.11.18"]
[Round "4"]
[Board "6"]
[White "Tabernig, Bernhard"]
[Black "Dietmayer-Kraeutler, Marco"]
[Result "1/2-1/2"]
[WhiteElo "2296"]
[BlackElo "2340"]
[PlyCount "87"]
[EventDate "2018.11.15"]
[EventType "team"]
[EventRounds "11"]
[EventCountry "AUT"]
[WhiteTeam "SK Mayrhofen/Zell/Zillertal"]
[BlackTeam "SV Pillenkoenig St. Veit"]

1.d4 d5 2.c4 e6 3.Nc3 Nf6 4.cxd5 exd5 5.Bg5 Nbd7 6.e3 c6 7.Bd3 Be7 8.Qc2 Nf8 9.h3
Ne6 10.Bh4 g6 11.O-O-O Ng7 12.f3 Be6 13.Nge2 O-O 14.g4 b6 15.f4 Bxg4 16.hxg4 Nxg4
17.Rh3 Bxh4 18.Rdh1 Bf2 19.Rxh7 Bxe3+ 20.Kb1 f5 21.Nd1 Qf6 22.Qa4 Nh5 23.Rxa7 Rxa7
24.Qxa7 Bxd4 25.Qd7 Bc5 26.a3 Rf7 27.Qe8+ Rf8 28.Qd7 Rf7 29.Qe8+ Bf8 30.Ka2 Qd6 31.Qc8
Rf6 32.Qb7 c5 33.Nec3 c4 34.Be2 Rf7 35.Qxd5 Ng3 36.Rh8+ Kxh8 37.Qxf7 Nxe2 38.Nxe2
Nh6 39.Qe8 Ng8 40.Ndc3 Bg7 41.Qb5 Nf6 42.Qxc4 Kh7 43.Kb3 Nd7 44.Qd5 1/2-1/2

[Event "1. Bundesliga 2018/2019"]
[Site "St. Veit an der Glan"]
[Date "2018.11.18"]
[Round "4"]
[Board "1"]
[White "Nisipeanu, Liviu-Dieter"]
[Black "Dragnev, Valentin"]
[Result "1/2-1/2"]
[WhiteElo "2680"]
[BlackElo "2514"]
[PlyCount "47"]
[EventDate "2018.11.15"]
[EventType "team"]
[EventRounds "11"]
[EventCountry "AUT"]
[WhiteTeam "Schachklub Sparkasse Jenbach"]
[BlackTeam "mpimmo Wien - SK Ottakring"]

1.Nf3 c5 2.e3 Nf6 3.b3 d5 4.Bb2 e6 5.c4 Nc6 6.cxd5 exd5 7.Bb5 Bd6 8.O-O O-O 9.d4 cxd4
10.Nxd4 Bc7 11.Bxc6 bxc6 12.Qc2 c5 13.Qxc5 Ne4 14.Qc2 Ba6 15.Rc1 Bxh2+ 16.Kxh2 Bd3
17.Qxd3 Qh4+ 18.Kg1 Qxf2+ 19.Kh2 Qg3+ 20.Kg1 Qf2+ 21.Kh2 Qh4+ 22.Kg1 Qf2+ 23.Kh2 Qg3+
24.Kg1 1/2-1/2

[Event "1. Bundesliga 2018/2019"]
[Site "St. Veit an der Glan"]
[Date "2018.11.18"]
[Round "4"]
[Board "2"]
[White "Banusz, Tamas"]
[Black "Volokitin, Andrei"]
[Result "1-0"]
[WhiteElo "2614"]
[BlackElo "2637"]
[PlyCount "133"]
[EventDate "2018.11.15"]
[EventType "team"]
[EventRounds "11"]
[EventCountry "AUT"]
[WhiteTeam "mpimmo Wien - SK Ottakring"]
[BlackTeam "Schachklub Sparkasse Jenbach"]

1.Nf3 c5 2.c4 Nf6 3.g3 d5 4.cxd5 Nxd5 5.Bg2 Nc6 6.Nc3 Nc7 7.O-O e5 8.d3 Be7 9.Nd2
O-O 10.Bxc6 bxc6 11.Nc4 f6 12.Qa4 Bh3 13.Re1 Qd7 14.f3 Ne6 15.Be3 Nd4 16.Rac1 Rfb8
17.b3 a5 18.Qa3 Qe6 19.Na4 Rb5 20.Qb2 f5 21.Nc3 Rbb8 22.Qd2 f4 23.Bf2 Bg5 24.Ne4 Bh6
25.Bxd4 cxd4 26.g4 Bxg4 27.fxg4 Qxg4+ 28.Kh1 Qh3 29.Rg1 f3 30.Ng5 f2 31.Nxh3 fxg1=Q+
32.Nxg1 Bxd2 33.Nxd2 a4 34.Ngf3 axb3 35.axb3 Ra2 36.Rxc6 e4 37.dxe4 Rd8 38.Kg2 d3
39.e3 h6 40.Kg3 Rc2 41.Ra6 Rcc8 42.e5 Ra8 43.Rg6 Kf7 44.Rg4 g5 45.h4 gxh4+ 46.Rxh4
Kg6 47.Kf4 h5 48.Rh2 Ra2 49.Nd4 Rh8 50.Rg2+ Kf7 51.Ke4 h4 52.Kxd3 h3 53.Rh2 Rb2 54.N4f3
Ke7 55.Ke4 Rc2 56.Kf4 Rc3 57.Nd4 Rf8+ 58.Ke4 Rh8 59.N2f3 Kd7 60.b4 Rcc8 61.Ng5 Rh5
62.Ndf3 Rc4+ 63.Kd5 Rxb4 64.Rxh3 Rxh3 65.Nxh3 Rb3 66.Ke4 Ra3 67.Nf4 1-0

[Event "1. Bundesliga 2018/2019"]
[Site "St. Veit an der Glan"]
[Date "2018.11.18"]
[Round "4"]
[Board "3"]
[White "Bluebaum, Matthias"]
[Black "Papp, Gabor"]
[Result "1-0"]
[WhiteElo "2610"]
[BlackElo "2598"]
[PlyCount "167"]
[EventDate "2018.11.15"]
[EventType "team"]
[EventRounds "11"]
[EventCountry "AUT"]
[WhiteTeam "Schachklub Sparkasse Jenbach"]
[BlackTeam "mpimmo Wien - SK Ottakring"]

1.d4 Nf6 2.c4 c5 3.d5 b5 4.cxb5 a6 5.bxa6 g6 6.Nc3 Bg7 7.e4 O-O 8.a7 Rxa7 9.Nf3 e6
10.Be2 exd5 11.exd5 d6 12.O-O Na6 13.Nb5 Rd7 14.Bc4 Bb7 15.Qb3 Qa8 16.Rd1 Nb4 17.Bf4
Rfd8 18.Nc3 Na6 19.Qc2 Nc7 20.Qd3 Rb8 21.Rab1 h6 22.h3 Kh7 23.b4 Nh5 24.Bh2 Na6 25.a3
cxb4 26.axb4 Rc8 27.Ne4 Rxc4 28.Qxc4 Nc7 29.Nxd6 Bxd5 30.Qe2 Ne6 31.Qe3 f5 32.Nc4
f4 33.Qe2 Bxf3 34.Qxf3 Qa2 35.Qe4 Ng5 36.Qc6 Re7 37.Nd2 Re2 38.Qd7 f3 39.b5 fxg2 40.Kxg2
Ne6 41.b6 Nc5 42.Qb5 Ne6 43.b7 Nef4+ 44.Bxf4 Nxf4+ 45.Kh1 Rxf2 46.Qc4 Qa7 47.Qxf4
Rxf4 48.b8=Q Qe3 49.Qb3 Bc3 50.Qb7+ Bg7 51.Qb3 Bc3 52.Qb7+ Bg7 53.Qg2 Rf2 54.Nf1 Qc5
55.Qg3 Qc6+ 56.Kg1 Rf5 57.h4 Rf3 58.Qg2 Qc5+ 59.Kh1 Rf4 60.Rb3 Rxh4+ 61.Rh3 Rb4 62.Nh2
Rb2 63.Qf3 Rf2 64.Qe4 Rf5 65.Rf1 Re5 66.Qf3 Rf5 67.Qe4 Re5 68.Qg2 Qc4 69.Nf3 Rb5 70.Rg1
Qe6 71.Qg4 Qc6 72.Rg2 Rf5 73.Rhg3 Bf8 74.Re2 Rg5 75.Qf4 Rf5 76.Qe4 Qb6 77.Kg2 Rf6
78.Ne5 Re6 79.Qd3 Bg7 80.Rge3 Qb7+ 81.Nf3 Rf6 82.Re7 Qc6 83.Qe4 Qb5 84.Qb7 1-0

[Event "1. Bundesliga 2018/2019"]
[Site "St. Veit an der Glan"]
[Date "2018.11.18"]
[Round "4"]
[Board "4"]
[White "Blohberger, Felix"]
[Black "Wagner, Dennis"]
[Result "1/2-1/2"]
[WhiteElo "2464"]
[BlackElo "2577"]
[PlyCount "66"]
[EventDate "2018.11.15"]
[EventType "team"]
[EventRounds "11"]
[EventCountry "AUT"]
[WhiteTeam "mpimmo Wien - SK Ottakring"]
[BlackTeam "Schachklub Sparkasse Jenbach"]

1.e4 e5 2.Nf3 Nc6 3.Bb5 a6 4.Ba4 Nf6 5.O-O Nxe4 6.d4 b5 7.Bb3 d5 8.dxe5 Be6 9.Nbd2
Be7 10.c3 O-O 11.Bc2 f5 12.Nb3 Qd7 13.Nbd4 Nxd4 14.Nxd4 c5 15.Nxe6 Qxe6 16.f3 Ng5
17.Bxg5 Bxg5 18.f4 Be7 19.Qf3 c4 20.Rfd1 Bc5+ 21.Kf1 Rad8 22.Rd2 Rd7 23.Rad1 Rfd8
24.b3 g6 25.bxc4 dxc4 26.Rxd7 Rxd7 27.Rxd7 Qxd7 28.Qa8+ Kg7 29.Qxa6 Qd2 30.Qf6+ Kg8
31.Qe6+ Kg7 32.Qf6+ Kg8 33.Qe6+ Kg7 1/2-1/2

[Event "1. Bundesliga 2018/2019"]
[Site "St. Veit an der Glan"]
[Date "2018.11.18"]
[Round "4"]
[Board "5"]
[White "Shengelia, David"]
[Black "Stohl, Igor"]
[Result "1/2-1/2"]
[WhiteElo "2530"]
[BlackElo "2489"]
[PlyCount "136"]
[EventDate "2018.11.15"]
[EventType "team"]
[EventRounds "11"]
[EventCountry "AUT"]
[WhiteTeam "Schachklub Sparkasse Jenbach"]
[BlackTeam "mpimmo Wien - SK Ottakring"]

1.d4 Nf6 2.c4 e6 3.Nc3 Bb4 4.e3 c5 5.Nge2 d5 6.cxd5 Nxd5 7.a3 Nxc3 8.Nxc3 Ba5 9.dxc5
Bxc3+ 10.bxc3 Qa5 11.Be2 O-O 12.O-O Qxc5 13.c4 Qc7 14.Bb2 Nd7 15.Qd4 f6 16.Rfd1 Nc5
17.Qd6 Qxd6 18.Rxd6 b6 19.Bf3 Bb7 20.Bxb7 Nxb7 21.Rxe6 Na5 22.g4 Rac8 23.Kg2 Nxc4
24.Bd4 Kf7 25.Re4 g5 26.Ra2 Nd6 27.Kf3 Nxe4 28.Kxe4 Ke6 29.f3 h5 30.gxh5 Rh8 31.a4
Rxh5 32.a5 Rc6 33.axb6 axb6 34.Rb2 Rh3 35.Rg2 b5 36.Rb2 f5+ 37.Kd3 Rxf3 38.Rxb5 g4
39.Re5+ Kf7 40.Ra5 Kg6 41.Be5 Re6 42.Rc5 Rf2 43.Bg3 Rf3 44.Bf4 Re4 45.Rc6+ Kf7 46.Bg5
Ra4 47.Rb6 Ra2 48.Bf4 Rxf4 49.exf4 Rxh2 50.Rb7+ Kg6 51.Rb6+ Kh5 52.Rf6 g3 53.Ke3 Kg4
54.Rg6+ Kh3 55.Rg5 Ra2 56.Rxf5 Ra3+ 57.Ke2 g2 58.Rh5+ Kg3 59.Rg5+ Kh2 60.Kf2 Ra2+
61.Kf3 Ra3+ 62.Ke4 g1=Q 63.Rxg1 Kxg1 64.f5 Kf2 65.f6 Rf3 66.Ke5 Kg3 67.Ke6 Kg4 68.f7
Rxf7 1/2-1/2

[Event "1. Bundesliga 2018/2019"]
[Site "St. Veit an der Glan"]
[Date "2018.11.18"]
[Round "4"]
[Board "6"]
[White "Schneider-Zinner, Harald"]
[Black "Schlosser, Philipp"]
[Result "1-0"]
[WhiteElo "2400"]
[BlackElo "2519"]
[PlyCount "51"]
[EventDate "2018.11.15"]
[EventType "team"]
[EventRounds "11"]
[EventCountry "AUT"]
[WhiteTeam "mpimmo Wien - SK Ottakring"]
[BlackTeam "Schachklub Sparkasse Jenbach"]

1.d4 Nf6 2.c4 e6 3.g3 d5 4.Bg2 Bb4+ 5.Bd2 a5 6.Nf3 O-O 7.O-O dxc4 8.Bg5 b5 9.Ne5 Ra6
10.Nc3 c6 11.a4 Qb6 12.Bxf6 gxf6 13.Qd2 Rd8 14.Qh6 fxe5 15.Ne4 Nd7 16.Ng5 Nf8 17.dxe5
Be7 18.Be4 Bxg5 19.Qxg5+ Ng6 20.h4 Rd4 21.Rad1 h6 22.Qf6 Rxe4 23.Rd8+ Nf8 24.Rfd1
Ra8 25.Qxh6 Qc5 26.R1d6 1-0

[Event "1. Bundesliga 2018/2019"]
[Site "St. Veit an der Glan"]
[Date "2018.11.18"]
[Round "4"]
[Board "1"]
[White "Abasov, Nijat"]
[Black "Ragger, Markus"]
[Result "1-0"]
[WhiteElo "2633"]
[BlackElo "2687"]
[PlyCount "107"]
[EventDate "2018.11.15"]
[EventType "team"]
[EventRounds "11"]
[EventCountry "AUT"]
[WhiteTeam "SV Raika Rapid Feffernitz"]
[BlackTeam "SC MPOE Maria Saal"]

1.c4 c5 2.Nf3 Nf6 3.Nc3 Nc6 4.d4 cxd4 5.Nxd4 e6 6.g3 Qb6 7.Ndb5 Ne5 8.Bf4 Nfg4 9.e3
a6 10.h3 axb5 11.hxg4 Nxc4 12.Qb3 d5 13.Bxc4 dxc4 14.Qxb5+ Qxb5 15.Nxb5 Bb4+ 16.Ke2
Ra5 17.a4 O-O 18.Rhd1 e5 19.Bxe5 Bxg4+ 20.f3 Be6 21.Bc3 Bxc3 22.bxc3 h5 23.e4 Rc8
24.Ke3 Kf8 25.Rdb1 Rca8 26.Nd4 R8a7 27.Nxe6+ fxe6 28.Rb6 Ke7 29.Rh1 g6 30.g4 Kf7 31.f4
hxg4 32.Rh7+ Kg8 33.Re7 R5a6 34.Rexe6 Rxb6 35.Rxb6 Rxa4 36.Rxg6+ Kf7 37.Rxg4 Ra1 38.e5
b5 39.f5 Rd1 40.Ke4 b4 41.cxb4 c3 42.e6+ Kf8 43.Rg2 Rd2 44.Rg3 c2 45.Rc3 Ke7 46.Ke3
Rd5 47.Ke4 Rd2 48.b5 Kf6 49.b6 Rd6 50.Rxc2 Rxb6 51.Rc8 Rb7 52.Ra8 Ke7 53.Ke5 Rb5+
54.Kf4 1-0

[Event "1. Bundesliga 2018/2019"]
[Site "St. Veit an der Glan"]
[Date "2018.11.18"]
[Round "4"]
[Board "2"]
[White "Predojevic, Borki"]
[Black "Skoberne, Jure"]
[Result "1/2-1/2"]
[WhiteElo "2621"]
[BlackElo "2567"]
[PlyCount "69"]
[EventDate "2018.11.15"]
[EventType "team"]
[EventRounds "11"]
[EventCountry "AUT"]
[WhiteTeam "SC MPOE Maria Saal"]
[BlackTeam "SV Raika Rapid Feffernitz"]

1.e4 e6 2.d4 d5 3.Nd2 c5 4.exd5 Qxd5 5.Ngf3 cxd4 6.Bc4 Qd6 7.O-O Nf6 8.Nb3 Nc6 9.Nbxd4
Nxd4 10.Nxd4 Be7 11.c3 a6 12.Qf3 O-O 13.Bb3 Qc7 14.Re1 Re8 15.Bf4 Bd6 16.Bxd6 Qxd6
17.Rad1 Qc7 18.Qg3 Qxg3 19.hxg3 Bd7 20.Nf3 Red8 21.Ne5 Kf8 22.g4 h6 23.f3 Be8 24.Kf2
Ke7 25.Ke3 Rxd1 26.Rxd1 Rd8 27.Rxd8 Kxd8 28.c4 Nd7 29.Nxd7 Bxd7 30.Bc2 a5 31.b3 b6
32.a3 Kc7 33.b4 axb4 34.axb4 Kd6 35.g3 1/2-1/2